[Event "2023 National K-12 Grade Championships"]
[Site "Orlando, Florida, United States"]
[Date "2023.12.15"]
[Round "2.21"]
[White "Patil, Aaradhya"]
[Black "Paragua, Megan Althea"]
[Result "0-1"]
[TimeControl "G/90;d10"]
[WhiteElo "1559"]
[BlackElo "2173"]

1. e4 {[%clk 01:30:00]} c5 {[%clk 01:30:00]} {[%emt 00:00:05]} 2. Nf3 {[%clk
01:30:00]} {[%emt 00:00:06]} Nf6 {[%clk 01:30:00]} {[%emt 00:00:05]} 3. Nc3
{[%clk 01:29:48]} {[%emt 00:00:22]} d5 {[%clk 01:29:32]} {[%emt 00:00:38]} 4.
exd5 {[%clk 01:29:48]} {[%emt 00:00:08]} Nxd5 {[%clk 01:29:32]} {[%emt
00:00:08]} 5. Nxd5 {[%clk 01:29:44]} {[%emt 00:00:14]} Qxd5 {[%clk 01:29:32]}
{[%emt 00:00:09]} 6. d4 {[%clk 01:29:19]} {[%emt 00:00:35]} cxd4 {[%clk
01:23:08]} {[%emt 00:06:35]} 7. Qxd4 {[%clk 01:29:09]} {[%emt 00:00:19]} Qxd4
{[%clk 01:21:50]} {[%emt 00:01:28]} 8. Nxd4 {[%clk 01:29:09]} {[%emt 00:00:02]}
a6 {[%clk 01:21:31]} {[%emt 00:00:29]} 9. Be3 {[%clk 01:27:16]} {[%emt
00:02:02]} g6 {[%clk 01:21:19]} {[%emt 00:00:23]} 10. O-O-O {[%clk 01:27:07]}
{[%emt 00:00:19]} Bg7 {[%clk 01:21:09]} {[%emt 00:00:20]} 11. Bc4 {[%clk
01:26:19]} {[%emt 00:00:58]} Nd7 {[%clk 01:15:31]} {[%emt 00:05:48]} 12. f3
{[%clk 01:26:00]} {[%emt 00:00:28]} Ne5 {[%clk 01:14:26]} {[%emt 00:01:16]} 13.
Bb3 {[%clk 01:25:55]} {[%emt 00:00:15]} Bd7 {[%clk 01:13:08]} {[%emt 00:01:29]}
14. Rhe1 {[%clk 01:24:48]} {[%emt 00:01:16]} Nc6 {[%clk 01:08:44]} {[%emt
00:04:34]} 15. Nxc6 {[%clk 01:24:16]} {[%emt 00:00:41]} Bxc6 {[%clk 01:08:38]}
{[%emt 00:00:16]} 16. Bc5 {[%clk 01:23:38]} {[%emt 00:00:47]} Bf6 {[%clk
01:07:45]} {[%emt 00:01:05]} 17. c3 {[%clk 01:23:04]} {[%emt 00:00:39]} Rc8
{[%clk 01:07:07]} {[%emt 00:00:52]} 18. Bd4 {[%clk 01:22:52]} {[%emt 00:00:21]}
Bg5+ {[%clk 01:06:49]} {[%emt 00:00:29]} 19. Be3 {[%clk 01:22:45]} {[%emt
00:00:16]} Bh4 {[%clk 01:05:24]} {[%emt 00:01:36]} 20. Re2 {[%clk 01:22:20]}
{[%emt 00:00:34]} O-O {[%clk 01:04:32]} {[%emt 00:01:03]} 21. Bf2 {[%clk
01:22:05]} {[%emt 00:00:24]} Bb5 {[%clk 01:02:44]} {[%emt 00:02:00]} 22. Red2
{[%clk 01:21:54]} {[%emt 00:00:18]} Bg5 {[%clk 01:02:44]} {[%emt 00:00:10]} 23.
Kc2 {[%clk 01:21:16]} {[%emt 00:00:47]} Bxd2 {[%clk 01:02:27]} {[%emt
00:00:28]} 24. Rxd2 {[%clk 01:20:56]} {[%emt 00:00:30]} Rfd8 {[%clk 01:01:53]}
{[%emt 00:00:44]} 25. Rxd8+ {[%clk 01:20:35]} {[%emt 00:00:31]} Rxd8 {[%clk
01:01:53]} {[%emt 00:00:02]} 26. Bc5 {[%clk 01:20:31]} {[%emt 00:00:14]} Bf1
{[%clk 01:01:17]} {[%emt 00:00:47]} 27. g3 {[%clk 01:20:31]} {[%emt 00:00:07]}
Be2 {[%clk 01:00:52]} {[%emt 00:00:35]} 28. f4 {[%clk 01:20:31]} {[%emt
00:00:09]} Bd1+ {[%clk 00:59:51]} {[%emt 00:01:11]} 29. Kc1 {[%clk 01:20:30]}
{[%emt 00:00:10]} Bxb3 {[%clk 00:59:51]} {[%emt 00:00:02]} 30. axb3 {[%clk
01:20:28]} {[%emt 00:00:12]} Kf8 {[%clk 00:59:16]} {[%emt 00:00:46]} 31. Bb4
{[%clk 01:20:26]} {[%emt 00:00:12]} Rd3 {[%clk 00:59:16]} {[%emt 00:00:06]} 32.
Kc2 {[%clk 01:20:24]} {[%emt 00:00:11]} Rf3 {[%clk 00:59:16]} {[%emt 00:00:05]}
33. Kd2 {[%clk 01:20:23]} {[%emt 00:00:11]} Rf2+ {[%clk 00:59:16]} {[%emt
00:00:07]} 34. Kc1 {[%clk 01:20:23]} {[%emt 00:00:04]} Rxh2 {[%clk 00:59:16]}
{[%emt 00:00:04]} 35. Bc5 {[%clk 01:20:15]} {[%emt 00:00:17]} Rg2 {[%clk
00:59:16]} {[%emt 00:00:06]} 36. Be3 {[%clk 01:20:15]} {[%emt 00:00:11]} Rxg3
{[%clk 00:59:16]} {[%emt 00:00:05]} 37. Bd2 {[%clk 01:20:04]} {[%emt 00:00:21]}
h5 {[%clk 00:59:15]} {[%emt 00:00:11]} 38. Kc2 {[%clk 01:20:04]} {[%emt
00:00:02]} h4 {[%clk 00:59:15]} {[%emt 00:00:06]} 39. b4 {[%clk 01:20:00]}
{[%emt 00:00:14]} h3 {[%clk 00:59:15]} {[%emt 00:00:04]} 0-1

[Event "2023 National K-12 Grade Championships"]
[Site "Orlando, Florida, United States"]
[Date "2023.12.15"]
[Round "2.22"]
[White "Hoffman, Ari"]
[Black "Zhu, Linxi"]
[Result "0-1"]
[TimeControl "G/90;d10"]
[WhiteElo "1271"]
[BlackElo "2100"]

1. e4 {[%clk 01:30:00]} c5 {[%clk 01:29:55]} {[%emt 00:00:16]} 2. c3 {[%clk
01:30:00]} {[%emt 00:00:09]} Nf6 {[%clk 01:29:55]} {[%emt 00:00:06]} 3. e5
{[%clk 01:30:00]} {[%emt 00:00:10]} Nd5 {[%clk 01:29:55]} {[%emt 00:00:08]} 4.
Nf3 {[%clk 01:30:00]} {[%emt 00:00:07]} Nc6 {[%clk 01:29:28]} {[%emt 00:00:37]}
5. Bc4 {[%clk 01:29:25]} {[%emt 00:00:45]} Nb6 {[%clk 01:29:15]} {[%emt
00:00:23]} 6. Bb3 {[%clk 01:29:10]} {[%emt 00:00:25]} d5 {[%clk 01:28:08]}
{[%emt 00:01:17]} 7. d4 {[%clk 01:25:48]} {[%emt 00:03:31]} cxd4 {[%clk
01:25:56]} {[%emt 00:02:23]} 8. cxd4 {[%clk 01:25:36]} {[%emt 00:00:22]} Bf5
{[%clk 01:25:56]} {[%emt 00:00:05]} 9. O-O {[%clk 01:23:51]} {[%emt 00:01:55]}
e6 {[%clk 01:25:56]} {[%emt 00:00:08]} 10. Bf4 {[%emt 00:01:51]} Be7 {[%clk
01:25:30]} {[%emt 00:00:35]} 11. Nc3 {[%clk 01:20:27]} {[%emt 00:01:54]} O-O
{[%clk 01:25:15]} {[%emt 00:00:25]} 12. Rc1 {[%clk 01:18:31]} {[%emt 00:02:07]}
a6 {[%clk 01:23:11]} {[%emt 00:02:14]} 13. Re1 {[%clk 01:16:55]} {[%emt
00:01:44]} Rc8 {[%clk 01:22:52]} {[%emt 00:00:30]} 14. Bc2 {[%clk 01:13:41]}
{[%emt 00:03:25]} Bxc2 {[%clk 01:20:25]} {[%emt 00:02:37]} 15. Qxc2 {[%clk
01:13:22]} {[%emt 00:00:28]} h6 {[%clk 01:17:43]} {[%emt 00:02:52]} 16. Qd2
{[%clk 01:11:13]} {[%emt 00:02:19]} Nc4 {[%clk 01:16:41]} {[%emt 00:01:13]} 17.
Qe2 {[%clk 01:10:16]} {[%emt 00:01:07]} Bb4 {[%clk 01:14:47]} {[%emt 00:02:04]}
18. a3 {[%clk 01:04:00]} {[%emt 00:06:26]} Ba5 {[%clk 01:14:31]} {[%emt
00:00:25]} 19. a4 {[%clk 01:03:02]} {[%emt 00:01:09]} Qb6 {[%clk 01:13:15]}
{[%emt 00:01:26]} 20. Be3 {[%clk 01:00:25]} {[%emt 00:02:45]} Qxb2 {[%clk
01:12:00]} {[%emt 00:01:26]} 21. Qxb2 {[%clk 00:54:17]} {[%emt 00:06:18]} Nxb2
{[%clk 01:12:00]} {[%emt 00:00:05]} 22. Re2 {[%clk 00:53:09]} {[%emt 00:01:18]}
Nc4 {[%clk 01:11:40]} {[%emt 00:00:30]} 23. Nd2 {[%clk 00:51:55]} {[%emt
00:01:24]} Nxe3 {[%clk 01:09:59]} {[%emt 00:01:51]} 24. fxe3 {[%clk 00:50:55]}
{[%emt 00:01:09]} Bxc3 {[%clk 01:09:53]} {[%emt 00:00:17]} 25. Rxc3 {[%clk
00:50:43]} {[%emt 00:00:21]} Nxd4 {[%clk 01:09:53]} {[%emt 00:00:07]} 26. Rxc8
{[%emt 00:00:57]} Nxe2+ {[%clk 01:09:53]} {[%emt 00:00:05]} 27. Kf2 {[%clk
00:49:52]} {[%emt 00:00:13]} Rxc8 {[%clk 01:09:53]} {[%emt 00:00:05]} 28. Kxe2
{[%clk 00:49:52]} {[%emt 00:00:07]} b5 {[%clk 01:09:51]} {[%emt 00:00:12]} 29.
axb5 {[%clk 00:49:43]} {[%emt 00:00:19]} axb5 {[%clk 01:09:51]} {[%emt
00:00:08]} 30. Nb3 {[%clk 00:49:43]} {[%emt 00:00:07]} Rc2+ {[%clk 01:09:51]}
{[%emt 00:00:07]} 31. Kf3 {[%clk 00:49:40]} {[%emt 00:00:13]} b4 {[%clk
01:09:51]} {[%emt 00:00:07]} 32. Nd4 {[%clk 00:49:24]} {[%emt 00:00:26]} Rc3
{[%clk 01:09:51]} {[%emt 00:00:08]} 33. Ke2 {[%clk 00:48:56]} {[%emt 00:00:37]}
b3 {[%clk 01:09:51]} {[%emt 00:00:07]} 34. Nxb3 {[%clk 00:48:37]} {[%emt
00:00:30]} Rxb3 {[%clk 01:09:51]} {[%emt 00:00:05]} 35. Kf3 {[%clk 00:48:35]}
{[%emt 00:00:10]} d4 {[%clk 01:09:51]} {[%emt 00:00:04]} 36. Ke2 {[%clk
00:48:04]} {[%emt 00:00:41]} Rxe3+ {[%clk 01:09:51]} {[%emt 00:00:04]} 37. Kd2
{[%clk 00:48:04]} {[%emt 00:00:05]} Kh7 {[%clk 01:09:51]} {[%emt 00:00:05]} 38.
g3 {[%clk 00:47:47]} {[%emt 00:00:27]} Kg6 {[%clk 01:09:51]} {[%emt 00:00:04]}
39. g4 {[%clk 00:47:47]} {[%emt 00:00:10]} Kg5 {[%clk 01:09:51]} {[%emt
00:00:03]} 40. h4+ {[%clk 00:47:44]} {[%emt 00:00:13]} Kxg4 {[%clk 01:09:51]}
{[%emt 00:00:05]} 41. h5 {[%clk 00:47:44]} {[%emt 00:00:10]} Kxh5 {[%clk
01:09:51]} {[%emt 00:00:05]} 42. Kc2 {[%clk 00:47:44]} {[%emt 00:00:11]} g5
{[%clk 01:09:51]} {[%emt 00:00:03]} 43. Kd2 {[%clk 00:47:44]} {[%emt 00:00:05]}
g4 {[%clk 01:09:51]} {[%emt 00:00:03]} 44. Kc2 {[%clk 00:47:31]} {[%emt
00:00:23]} g3 {[%clk 01:09:51]} {[%emt 00:00:04]} 45. Kd2 {[%clk 00:47:31]}
{[%emt 00:00:06]} g2 {[%clk 01:09:51]} {[%emt 00:00:04]} 46. Kc2 {[%clk
00:47:31]} {[%emt 00:00:04]} g1=Q {[%clk 01:09:51]} {[%emt 00:00:04]} 47. Kd2
{[%clk 00:47:31]} {[%emt 00:00:06]} Qf2+ {[%clk 01:09:51]} {[%emt 00:00:04]} 48.
Kd1 {[%clk 00:47:27]} {[%emt 00:00:14]} Re1# {[%clk 01:09:51]} {[%emt
00:00:04]} 0-1

[Event "2023 National K-12 Grade Championships"]
[Site "Orlando, Florida, United States"]
[Date "2023.12.15"]
[Round "2.23"]
[White "McDonald, James"]
[Black "Sha, Yi"]
[Result "1/2-1/2"]
[TimeControl "G/90;d10"]
[WhiteElo "1254"]
[BlackElo "1907"]

1. e4 {[%clk 01:30:00]} {[%emt 00:00:07]} c5 {[%clk 01:30:00]} {[%emt
00:00:10]} 2. Nf3 {[%clk 01:30:00]} {[%emt 00:00:07]} Nc6 {[%clk 01:29:56]}
{[%emt 00:00:14]} 3. Bb5 {[%clk 01:30:00]} {[%emt 00:00:11]} g6 {[%clk
01:29:41]} {[%emt 00:00:25]} 4. O-O {[%clk 01:29:55]} {[%emt 00:00:15]} Bg7
{[%clk 01:29:32]} {[%emt 00:00:20]} 5. Re1 {[%clk 01:29:44]} {[%emt 00:00:21]}
e5 {[%clk 01:28:59]} {[%emt 00:00:44]} 6. Bxc6 {[%clk 01:28:36]} {[%emt
00:01:17]} bxc6 {[%clk 01:27:20]} {[%emt 00:01:48]} 7. d3 {[%clk 01:27:46]}
{[%emt 00:01:00]} Ne7 {[%clk 01:26:21]} {[%emt 00:01:10]} 8. Nbd2 {[%clk
01:27:08]} {[%emt 00:00:48]} O-O {[%clk 01:25:28]} {[%emt 00:01:03]} 9. Nf1
{[%clk 01:23:14]} {[%emt 00:04:03]} Qc7 {[%clk 01:23:54]} {[%emt 00:01:45]} 10.
Be3 {[%clk 01:22:20]} {[%emt 00:01:03]} d6 {[%clk 01:23:05]} {[%emt 00:01:00]}
11. c3 {[%clk 01:21:41]} {[%emt 00:00:49]} Ba6 {[%clk 01:21:49]} {[%emt
00:01:26]} 12. Qc2 {[%clk 01:19:22]} {[%emt 00:02:29]} f5 {[%clk 01:20:25]}
{[%emt 00:01:34]} 13. Qb3+ {[%clk 01:15:47]} {[%emt 00:03:45]} d5 {[%clk
01:11:46]} {[%emt 00:08:49]} 14. Bxc5 {[%clk 01:14:50]} {[%emt 00:01:06]} Rfd8
{[%clk 01:06:25]} {[%emt 00:05:32]} 15. Qa3 {[%clk 01:08:46]} {[%emt 00:06:14]}
Bxd3 {[%clk 01:04:30]} {[%emt 00:02:05]} 16. Bxe7 {[%clk 01:08:42]} {[%emt
00:00:14]} Rd7 {[%clk 01:03:58]} {[%emt 00:00:42]} 17. exd5 {[%clk 01:06:13]}
{[%emt 00:02:39]} cxd5 {[%clk 01:02:25]} {[%emt 00:01:43]} 18. Bg5 {[%clk
01:05:55]} {[%emt 00:00:28]} h6 {[%clk 01:00:55]} {[%emt 00:01:40]} 19. Be3
{[%clk 01:02:38]} {[%emt 00:03:26]} g5 {[%clk 00:57:13]} {[%emt 00:03:53]} 20.
Rad1 {[%clk 00:54:54]} {[%emt 00:07:54]} Bc4 {[%clk 00:51:57]} {[%emt
00:05:26]} 21. b3 {[%clk 00:53:52]} {[%emt 00:01:12]} Bxf1 {[%clk 00:50:22]}
{[%emt 00:01:45]} 22. Kxf1 {[%clk 00:51:02]} {[%emt 00:03:00]} e4 {[%clk
00:45:35]} {[%emt 00:04:57]} 23. Ng1 {[%clk 00:48:21]} {[%emt 00:02:46]} Qxc3
{[%clk 00:41:17]} {[%emt 00:04:33]} 24. Qc5 {[%clk 00:47:44]} {[%emt 00:00:46]}
Qe5 {[%clk 00:39:14]} {[%emt 00:02:14]} 25. h3 {[%clk 00:46:37]} {[%emt
00:01:17]} Rad8 {[%clk 00:36:46]} {[%emt 00:02:38]} 26. Bd4 {[%clk 00:45:37]}
{[%emt 00:01:10]} Qe6 {[%clk 00:35:34]} {[%emt 00:01:22]} 27. Bxg7 {[%clk
00:43:48]} {[%emt 00:02:00]} Kxg7 {[%clk 00:35:24]} {[%emt 00:00:20]} 28. Qd4+
{[%clk 00:43:27]} {[%emt 00:00:31]} Kf7 {[%clk 00:34:31]} {[%emt 00:01:03]} 29.
Ne2 {[%clk 00:43:07]} {[%emt 00:00:30]} f4 {[%clk 00:33:05]} {[%emt 00:01:36]}
30. Kg1 {[%clk 00:38:17]} {[%emt 00:05:00]} Qf5 {[%clk 00:30:18]} {[%emt
00:02:57]} 31. Kh2 {[%clk 00:37:00]} {[%emt 00:01:24]} f3 {[%clk 00:27:19]}
{[%emt 00:03:11]} 32. Ng3 {[%clk 00:36:57]} {[%emt 00:00:12]} Qf4 {[%clk
00:27:11]} {[%emt 00:00:18]} 33. Qe3 {[%clk 00:36:11]} {[%emt 00:00:56]} fxg2
{[%clk 00:26:17]} {[%emt 00:01:04]} 34. Kxg2 {[%clk 00:35:57]} {[%emt
00:00:24]} Kg6 {[%clk 00:25:21]} {[%emt 00:01:06]} 35. Ne2 {[%clk 00:34:50]}
{[%emt 00:01:16]} Qe5 {[%clk 00:22:30]} {[%emt 00:03:03]} 36. Nd4 {[%clk
00:34:35]} {[%emt 00:00:25]} Rc8 {[%clk 00:21:38]} {[%emt 00:01:00]} 37. Rc1
{[%clk 00:34:09]} {[%emt 00:00:37]} Rdc7 {[%clk 00:20:57]} {[%emt 00:00:51]} 38.
Rxc7 {[%clk 00:33:38]} {[%emt 00:00:42]} Rxc7 {[%clk 00:20:45]} {[%emt
00:00:22]} 39. Qg3 {[%clk 00:33:09]} {[%emt 00:00:39]} Qxg3+ {[%clk 00:20:03]}
{[%emt 00:00:52]} 40. Kxg3 {[%clk 00:33:09]} {[%emt 00:00:09]} h5 {[%clk
00:18:35]} {[%emt 00:01:37]} 41. Re3 {[%clk 00:32:05]} {[%emt 00:01:14]} Kf6
{[%clk 00:17:54]} {[%emt 00:00:50]} 42. h4 {[%clk 00:30:31]} {[%emt 00:01:45]}
Rc1 {[%clk 00:15:28]} {[%emt 00:02:37]} 43. hxg5+ {[%clk 00:30:09]} {[%emt
00:00:32]} Kxg5 {[%clk 00:15:04]} {[%emt 00:00:34]} 44. Ne6+ {[%clk 00:29:23]}
{[%emt 00:00:56]} Kf5 {[%clk 00:14:09]} {[%emt 00:01:03]} 45. Nd4+ {[%clk
00:29:03]} {[%emt 00:00:32]} Ke5 {[%clk 00:13:41]} {[%emt 00:00:35]} 46. Nf3+
{[%clk 00:28:22]} {[%emt 00:00:53]} Kf5 {[%clk 00:13:29]} {[%emt 00:00:21]} 47.
Nd4+ {[%clk 00:28:22]} {[%emt 00:00:08]} Ke5 {[%emt 00:01:32]} 1/2-1/2

[Event "2023 National K-12 Grade Championships"]
[Site "Orlando, Florida, United States"]
[Date "2023.12.15"]
[Round "2.24"]
[White "Li, Aiden Linyuan"]
[Black "Zhu, Vincent"]
[Result "1-0"]
[TimeControl "G/90;d10"]
[WhiteElo "1832"]
[BlackElo "894"]

1. e4 {[%clk 01:30:00]} {[%emt 00:00:01]} e5 {[%clk 01:30:00]} {[%emt
00:00:09]} 2. Nf3 {[%clk 01:30:00]} {[%emt 00:00:06]} Bc5 {[%clk 01:29:58]}
{[%emt 00:00:13]} 3. Nxe5 {[%clk 01:29:43]} {[%emt 00:00:27]} Nc6 {[%clk
01:29:45]} {[%emt 00:00:23]} 4. Nxc6 {[%clk 01:29:39]} {[%emt 00:00:14]} dxc6
{[%clk 01:29:44]} {[%emt 00:00:10]} 5. Be2 {[%clk 01:29:06]} {[%emt 00:00:44]}
Nf6 {[%clk 01:29:34]} {[%emt 00:00:19]} 6. d3 {[%clk 01:28:33]} {[%emt
00:00:44]} Be6 {[%clk 01:29:06]} {[%emt 00:00:37]} 7. O-O {[%clk 01:27:37]}
{[%emt 00:01:04]} O-O {[%clk 01:29:04]} {[%emt 00:00:13]} 8. c3 {[%clk
01:25:31]} {[%emt 00:02:18]} Be7 {[%clk 01:28:07]} {[%emt 00:01:06]} 9. Be3
{[%clk 01:24:06]} {[%emt 00:01:35]} b5 {[%emt 00:00:51]} 10. Nd2 {[%clk
01:23:48]} {[%emt 00:00:26]} a5 {[%clk 01:27:23]} {[%emt 00:00:16]} 11. d4
{[%clk 01:23:36]} {[%emt 00:00:22]} b4 {[%clk 01:26:56]} {[%emt 00:00:36]} 12.
c4 {[%clk 01:23:36]} {[%emt 00:00:09]} a4 {[%clk 01:26:13]} {[%emt 00:00:53]}
13. e5 {[%clk 01:23:29]} {[%emt 00:00:18]} Nd7 {[%clk 01:25:51]} {[%emt
00:00:26]} 14. f4 {[%clk 01:23:29]} {[%emt 00:00:10]} g6 {[%clk 01:24:22]}
{[%emt 00:01:37]} 15. b3 {[%clk 01:22:42]} {[%emt 00:00:59]} a3 {[%clk
01:24:20]} {[%emt 00:00:13]} 16. Bf3 {[%clk 01:22:31]} {[%emt 00:00:21]} Nb8
{[%clk 01:24:06]} {[%emt 00:00:23]} 17. Qc2 {[%clk 01:20:49]} {[%emt 00:01:53]}
Bf5 {[%clk 01:22:20]} {[%emt 00:01:56]} 18. Be4 {[%clk 01:20:44]} {[%emt
00:00:15]} Bxe4 {[%clk 01:22:20]} {[%emt 00:00:06]} 19. Qxe4 {[%clk 01:20:39]}
{[%emt 00:00:15]} Ra6 {[%clk 01:21:07]} {[%emt 00:01:21]} 20. f5 {[%clk
01:20:32]} {[%emt 00:00:20]} Qe8 {[%clk 01:19:15]} {[%emt 00:01:59]} 21. f6
{[%clk 01:20:27]} {[%emt 00:00:17]} Bd8 {[%clk 01:18:46]} {[%emt 00:00:39]} 22.
Bh6 {[%clk 01:20:27]} {[%emt 00:00:06]} Nd7 {[%clk 01:17:53]} {[%emt 00:00:58]}
23. Bg7 {[%clk 01:20:24]} {[%emt 00:00:19]} Nb6 {[%clk 01:16:16]} {[%emt
00:01:46]} 24. Qh4 {[%clk 01:19:56]} {[%emt 00:00:39]} Qe6 {[%clk 01:14:50]}
{[%emt 00:01:35]} 25. Rf4 {[%clk 01:19:15]} {[%emt 00:00:53]} Qf5 {[%clk
01:07:13]} {[%emt 00:07:42]} 26. Rxf5 {[%clk 01:19:00]} {[%emt 00:00:29]} gxf5
{[%clk 01:07:00]} {[%emt 00:00:03]} 27. Qg5 {[%clk 01:18:58]} {[%emt 00:00:32]}
Nxc4 {[%emt 00:17:21]} 28. Bh8+ {[%emt 00:00:23]} Kxh8 {[%clk 00:49:13]} {[%emt
00:00:12]} 29. Qg7# {[%emt 00:01:04]} 1-0